[Event "Bethune Op 32th"]
[Site "Bethune"]
[Date "2011.12.30"]
[Round "9.1"]
[White "Donchenko, Alexander"]
[Black "Solleveld, Maarten"]
[Result "0-1"]
[WhiteElo "2310"]
[BlackElo "2502"]
[PlyCount "180"]
[EventDate "2011.12.26"]
[EventType "swiss"]
[EventRounds "9"]
[EventCountry "FRA"]
[SourceDate "2005.09.12"]

1. d4 Nf6 2. c4 e6 3. Nf3 b6 4. g3 Ba6 5. Qc2 c5 6. d5 exd5 7. cxd5 Bb7 8. Bg2
Nxd5 9. O-O Nc6 10. Rd1 Be7 11. Qf5 Nf6 12. Nc3 O-O 13. e4 g6 14. Qh3 Qb8 15.
Bg5 Nd4 16. Nxd4 cxd4 17. Rxd4 Qe5 18. Be3 Bc5 19. Rd3 Bxe3 20. Rxe3 b5 21. Rb1
b4 22. Nd5 Bxd5 23. exd5 Qd4 24. Qh4 Qxh4 25. gxh4 Rac8 26. Rf3 Kg7 27. Rf4 a5
28. a3 bxa3 29. bxa3 Rc5 30. d6 Rfc8 31. Bf3 Rc4 32. Rxc4 Rxc4 33. h5 Rc3 34.
Kg2 Rxa3 35. hxg6 hxg6 36. Rb7 Ra2 37. h3 a4 38. Bg4 Ne4 39. Rxd7 Rxf2+ 40. Kg1
Rd2 41. Ra7 Rxd6 42. Rxa4 f5 43. Bf3 Ng5 44. Bg2 Rd2 45. h4 Ne6 46. Kh2 Kh6 47.
Kg3 Rd3+ 48. Kf2 Nd4 49. Bd5 Kh5 50. Bf7 Nc6 51. Be8 Ne5 52. Ra5 Ng4+ 53. Kg2
Ne3+ 54. Kf2 Ng4+ 55. Kg2 Rd2+ 56. Kg3 Rf2 57. Bf7 Rf1 58. Kg2 Ne3+ 59. Kh2
Kxh4 60. Bxg6 Rf2+ 61. Kh1 Kh3 62. Bxf5+ Nxf5 63. Kg1 Rf3 64. Ra8 Ne3 65. Rh8+
Kg3 66. Rg8+ Ng4 67. Rg7 Rf4 68. Rg8 Rf7 69. Rg6 Kf3 70. Kf1 Rh7 71. Ke1 Rh2
72. Rg8 Re2+ 73. Kd1 Nf2+ 74. Kc1 Ne4 75. Rd8 Ke3 76. Rd7 Rh2 77. Rd8 Nc5 78.
Re8+ Kd3 79. Rd8+ Kc3 80. Kd1 Nb3 81. Ke1 Nd4 82. Rc8+ Kd3 83. Re8 Nc2+ 84. Kf1
Ne3+ 85. Kg1 Rg2+ 86. Kh1 Ra2 87. Kg1 Ke2 88. Kh2 Kf3+ 89. Kg1 Ra1+ 90. Kh2
Ng4+ 0-1

[Event "IV Festival Capo d'Orso"]
[Site "Portomannu - Palau "]
[Date "2012.06.02"]
[Round "1.2"]
[White "Blonna, Michele"]
[Black "Glienke, Manfred"]
[Result "0-1"]
[WhiteElo "1996"]
[BlackElo "2314"]
[PlyCount "92"]
[EventDate "2012.06.02"]
[EventCountry "ITA"]
[SourceDate "2005.09.12"]

1. e4 c5 2. Nf3 Nc6 3. d3 Nf6 4. g3 d5 5. Nbd2 g6 6. Bg2 Bg7 7. O-O O-O 8. Re1
b6 9. exd5 Nxd5 10. a4 Bb7 11. Nc4 Rc8 12. Bd2 Re8 13. a5 b5 14. a6 Ba8 15.
Nce5 Nxe5 16. Nxe5 f6 17. Ng4 h5 18. Ne3 e5 19. c3 Nxe3 20. Bxe3 Bxg2 21. Kxg2
Qd5+ 22. Qf3 Qxf3+ 23. Kxf3 Bf8 24. Ra5 Rb8 25. b3 Bd6 26. c4 bxc4 27. bxc4
Rec8 28. Ke4 Kf7 29. Rb5 Rxb5 30. cxb5 Ke6 31. Rb1 f5+ 32. Kf3 Rb8 33. Bd2 Bc7
34. Bc3 g5 35. Ke2 Kd5 36. Kd2 g4 37. h3 c4 38. hxg4 hxg4 39. Rh1 cxd3 40. Rh7
Bb6 41. Rf7 Ke6 42. Rb7 Rd8 43. Ke1 Kd5 44. Re7 e4 45. Re5+ Kc4 46. Bd2 Rd5 0-1

[Event "IV Festival Capo d'Orso"]
[Site "Portomannu - Palau "]
[Date "2012.06.02"]
[Round "1.3"]
[White "Messa, Roberto"]
[Black "Sand, Rolf"]
[Result "1-0"]
[WhiteElo "2305"]
[BlackElo "1991"]
[PlyCount "67"]
[EventDate "2012.06.02"]
[EventCountry "ITA"]
[SourceDate "2005.09.12"]

1. e4 c5 2. Nc3 d6 3. g3 Nc6 4. Bg2 g6 5. d3 Bg7 6. Be3 Rb8 7. Qd2 b5 8. Nge2
b4 9. Nd1 Nd4 10. O-O Nxe2+ 11. Qxe2 Nf6 12. h3 O-O 13. f4 Ne8 14. f5 Nc7 15.
Qd2 Nb5 16. Bh6 Nd4 17. Bxg7 Kxg7 18. Ne3 f6 19. h4 e6 20. fxg6 h5 21. Rf2 Kxg6
22. Raf1 Rb7 23. c3 bxc3 24. bxc3 Nc6 25. g4 Rh7 26. gxh5+ Rxh5 27. Ng4 Ne5 28.
Nxf6 Rxh4 29. d4 cxd4 30. cxd4 Nf7 31. Qc3 Ng5 32. Qg3 Rhh8 33. e5 d5 34. Rf4
1-0

[Event "IV Festival Capo d'Orso"]
[Site "Portomannu - Palau "]
[Date "2012.06.02"]
[Round "2.1"]
[White "Galassi, Federico"]
[Black "Seletsky, Grigory"]
[Result "0-1"]
[WhiteElo "2160"]
[BlackElo "2338"]
[PlyCount "161"]
[EventDate "2012.06.02"]
[EventCountry "ITA"]
[SourceDate "2005.09.12"]

1. e4 e6 2. d4 d5 3. Nd2 Nf6 4. e5 Nfd7 5. Bd3 c5 6. c3 Nc6 7. Ngf3 cxd4 8.
cxd4 Be7 9. O-O O-O 10. a3 Re8 11. b4 Nf8 12. Nb3 Bd7 13. Be3 f6 14. Qd2 a5 15.
b5 Na7 16. a4 Bb4 17. Qe2 Rc8 18. Bd2 Bxd2 19. Qxd2 b6 20. Qb2 Qe7 21. Nbd2 Rc7
22. Rfc1 Rec8 23. Rxc7 Rxc7 24. g3 Nc8 25. Kg2 Qd8 26. Rc1 Ne7 27. Nf1 Be8 28.
Ne3 Bh5 29. Nd2 fxe5 30. dxe5 Rxc1 31. Qxc1 Nd7 32. Qc2 Nxe5 33. Bxh7+ Kh8 34.
f4 d4 35. Nd1 d3 36. Qb3 Kxh7 37. fxe5 Ng6 38. Nf2 Nxe5 39. Qxe6 Qf6 40. Qh3
Qg6 41. Qh4 Qf5 42. h3 Nf3 43. Qe4 Qxe4 44. Ndxe4 Ne5 45. g4 Bg6 46. Kf1 Kg8
47. Ke1 Nc4 48. h4 Kf7 49. h5 Bxe4 50. Nxe4 Ke6 51. g5 Kf5 52. h6 gxh6 53. gxh6
Kg6 54. Nf2 d2+ 55. Ke2 Kxh6 56. Nd1 Kg5 57. Kd3 Nd6 58. Kxd2 Kf5 59. Kd3 Ke5
60. Ne3 Nc8 61. Kc3 Nd6 62. Kd3 Nc8 63. Kc3 Ke4 64. Nc4 Kd5 65. Ne3+ Kc5 66.
Nc4 Ne7 67. Ne5 Nd5+ 68. Kb3 Kd4 69. Nd7 Kd3 70. Ne5+ Ke4 71. Nd7 Kd4 72. Nb8
Nf6 73. Nc6+ Kc5 74. Ne5 Kd4 75. Nc6+ Kd5 76. Ne7+ Kc5 77. Nc6 Nd7 78. Kc3 Kd6
79. Kc4 Nc5 80. Nxa5 bxa5 81. b6 0-1

[Event "IV Festival Capo d'Orso"]
[Site "Portomannu - Palau "]
[Date "2012.06.02"]
[Round "2.2"]
[White "Glienke, Manfred"]
[Black "Gromovs, Sergejs"]
[Result "1/2-1/2"]
[WhiteElo "2314"]
[BlackElo "2162"]
[PlyCount "107"]
[EventDate "2012.06.02"]
[EventCountry "ITA"]
[SourceDate "2005.09.12"]

1. Nf3 d5 2. d4 c6 3. c4 a6 4. e3 b5 5. b3 Nf6 6. Be2 Bf5 7. O-O e6 8. Nbd2 h6
9. Ne5 Nfd7 10. f4 Nxe5 11. fxe5 Bb4 12. Bb2 O-O 13. Nf3 Nd7 14. cxd5 cxd5 15.
Bd3 Rc8 16. Bxf5 exf5 17. Qd3 g6 18. a3 Be7 19. Bc3 Qb6 20. Qd2 Rc6 21. Ba5 Qb7
22. Bb4 Bxb4 23. axb4 Rfc8 24. Rfc1 Qc7 25. Rxc6 Qxc6 26. Ne1 Qc3 27. Qxc3 Rxc3
28. Kf2 Nb8 29. Ke2 Rxb3 30. Rc1 Nd7 31. Nd3 Ra3 32. Rc6 Ra2+ 33. Kf1 a5 34.
bxa5 Rxa5 35. Rd6 Ra7 36. Nb4 Rb7 37. Nxd5 Kf8 38. Ke2 b4 39. Nxb4 Nxe5 40.
dxe5 Rxb4 41. e6 Re4 42. exf7 Kxf7 43. Kf3 h5 44. Ra6 Kg7 45. Rb6 Kh6 46. Ra6
h4 47. h3 Rb4 48. Rd6 Kh5 49. Rd5 Kg5 50. Rd6 Rb1 51. Rd4 Rb5 52. Rd3 Re5 53.
Rd4 Kh5 54. e4 1/2-1/2

[Event "IV Festival Capo d'Orso"]
[Site "Portomannu - Palau "]
[Date "2012.06.02"]
[Round "2.3"]
[White "Danieli, Enrico"]
[Black "Messa, Roberto"]
[Result "1-0"]
[WhiteElo "2093"]
[BlackElo "2305"]
[PlyCount "59"]
[EventDate "2012.06.02"]
[EventCountry "ITA"]
[SourceDate "2005.09.12"]

1. d4 d5 2. Nf3 Nf6 3. e3 e6 4. Bd3 c5 5. c3 Nc6 6. Nbd2 Be7 7. O-O O-O 8. Qe2
b6 9. dxc5 bxc5 10. e4 Qc7 11. Re1 Bb7 12. e5 Nd7 13. Nf1 Rfe8 14. Ng3 Nf8 15.
Nh5 g6 16. Ng5 Qxe5 17. Qd1 Qh8 18. Qf3 f5 19. Nxe6 Ne5 20. Qg3 Bd6 21. Bg5
Rxe6 22. f4 h6 23. fxe5 hxg5 24. exd6 Qxh5 25. Rxe6 Nxe6 26. Qe5 Nf8 27. Re1
Rd8 28. Qf6 Rd7 29. Re7 Qh6 30. Bxf5 1-0

[Event "IV Festival Capo d'Orso"]
[Site "Portomannu - Palau "]
[Date "2012.06.02"]
[Round "3.1"]
[White "Seletsky, Grigory"]
[Black "Baldazzi, Stefano"]
[Result "1-0"]
[WhiteElo "2338"]
[BlackElo "2178"]
[PlyCount "83"]
[EventDate "2012.06.02"]
[EventCountry "ITA"]
[SourceDate "2005.09.12"]

1. d4 Nf6 2. Nf3 c5 3. c3 b6 4. Bf4 Bb7 5. e3 g6 6. h3 Bg7 7. Be2 O-O 8. O-O d6
9. Nbd2 Nc6 10. Bh2 Rc8 11. a4 cxd4 12. exd4 Nd5 13. c4 Nf6 14. d5 Nb4 15. a5
bxa5 16. Nb3 Nd7 17. Nxa5 Qb6 18. Qd2 Nc5 19. Bf4 Rfd8 20. Be3 Rb8 21. Bd4 Bxd4
22. Nxd4 e5 23. Nb5 Nba6 24. Rfb1 Nc7 25. Nxc7 Qxc7 26. b4 Nd7 27. Qe3 Nb6 28.
b5 Ra8 29. Nc6 Re8 30. Rb3 Nd7 31. Nxa7 Nc5 32. Rba3 f5 33. Nc6 Rxa3 34. Rxa3
Qb6 35. f3 f4 36. Qf2 Bxc6 37. dxc6 Qc7 38. Bd3 Rb8 39. Be4 Kg7 40. Bd5 Qb6 41.
Kh2 Kh8 42. Qh4 1-0

[Event "IV Festival Capo d'Orso"]
[Site "Portomannu - Palau "]
[Date "2012.06.02"]
[Round "3.2"]
[White "Danieli, Enrico"]
[Black "Ljubisavljevic, Zivojin Z"]
[Result "1/2-1/2"]
[WhiteElo "2093"]
[BlackElo "2210"]
[PlyCount "63"]
[EventDate "2012.06.02"]
[EventCountry "ITA"]
[SourceDate "2005.09.12"]

1. Nc3 e5 2. Nf3 Nc6 3. d4 exd4 4. Nxd4 Bc5 5. Nf5 g6 6. Be3 Bxe3 7. Nxe3 d6 8.
g3 h5 9. h4 f5 10. Ned5 Be6 11. Bg2 Nf6 12. Qd2 Bxd5 13. Nxd5 Nxd5 14. Qxd5 Qd7
15. O-O-O O-O-O 16. Rd3 Rde8 17. e3 Re5 18. Qf3 Rb5 19. Rb3 Ne5 20. Qd1 Rxb3
21. axb3 Qb5 22. Qd4 Qb6 23. Qc3 Re8 24. Rd1 Ng4 25. Rd2 Re5 26. Qc4 Qa5 27. c3
Qb5 28. Qg8+ Qe8 29. Qc4 Qb5 30. Qg8+ Qe8 31. Qc4 a6 32. Rd5 1/2-1/2

[Event "IV Festival Capo d'Orso"]
[Site "Portomannu - Palau "]
[Date "2012.06.02"]
[Round "3.3"]
[White "Glienke, Manfred"]
[Black "Peat, Matthew"]
[Result "1/2-1/2"]
[WhiteElo "2314"]
[BlackElo "2064"]
[PlyCount "138"]
[EventDate "2012.06.02"]
[EventCountry "ITA"]
[SourceDate "2005.09.12"]

1. d4 d5 2. c4 c6 3. Nc3 Nf6 4. Nf3 e6 5. e3 Nbd7 6. Bd3 dxc4 7. Bxc4 b5 8. Bd3
Bb7 9. O-O a6 10. e4 c5 11. d5 c4 12. dxe6 fxe6 13. Bc2 Qc7 14. e5 Nxe5 15.
Nxe5 Qxe5 16. Re1 Qd6 17. Qxd6 Bxd6 18. Rxe6+ Be7 19. Bg5 Kf7 20. Rae1 Bc5 21.
R6e2 Rae8 22. Kf1 Rxe2 23. Rxe2 Re8 24. Rxe8 Nxe8 25. f3 h6 26. Bd2 Bd4 27. a3
Nd6 28. Ke2 a5 29. Bf4 b4 30. axb4 axb4 31. Bxd6 bxc3 32. bxc3 Bxc3 33. Ke3 Ke6
34. Ba3 g5 35. Bc5 Be5 36. g3 h5 37. f4 gxf4+ 38. gxf4 Bf6 39. Bd4 Bh4 40. Bd1
Be1 41. Bxh5 Kf5 42. h3 Bg2 43. Bg4+ Kg6 44. f5+ Kg5 45. Ke2 Bb4 46. f6 Be4 47.
Be6 c3 48. f7 c2 49. Bb2 Bc5 50. Bb3 Bg2 51. Kd2 Bxh3 52. Kxc2 Bf8 53. Kd3 Bf5+
54. Ke3 Bg6 55. Bd4 Bxf7 56. Bxf7 Kg4 57. Ke4 Bd6 58. Be3 Bb8 59. Be6+ Kg3 60.
Bd2 Kf2 61. Bg4 Ba7 62. Bf4 Bb6 63. Bg5 Kg3 64. Bd1 Bc7 65. Bd2 Bb6 66. Bc3 Ba7
67. Be5+ Kf2 68. Bf3 Bb6 69. Bd4+ Bxd4 1/2-1/2

[Event "IV Festival Capo d'Orso"]
[Site "Portomannu - Palau "]
[Date "2012.06.02"]
[Round "4.1"]
[White "Ljubisavljevic, Zivojin Z"]
[Black "Seletsky, Grigory"]
[Result "0-1"]
[WhiteElo "2210"]
[BlackElo "2338"]
[PlyCount "78"]
[EventDate "2012.06.02"]
[EventCountry "ITA"]
[SourceDate "2005.09.12"]

1. b3 e5 2. Bb2 Nc6 3. e3 d6 4. Bb5 Bd7 5. Nf3 Nf6 6. d4 e4 7. Nfd2 d5 8. Be2
Ne7 9. c4 c6 10. Ba3 Nf5 11. Bxf8 Kxf8 12. h4 h5 13. Nf1 g6 14. Qd2 Kg7 15. Nc3
Qe7 16. g3 dxc4 17. bxc4 b5 18. cxb5 cxb5 19. Bxb5 Bxb5 20. Nxb5 Rab8 21. Nc3
Qa3 22. Nd1 Rhc8 23. Nh2 Qa6 24. Qe2 Qxe2+ 25. Kxe2 Rc2+ 26. Kf1 Nd5 27. Ke1 a5
28. Nf1 Nb4 29. Nh2 Nd3+ 30. Kf1 Nxf2 31. Nxf2 Rbb2 32. Kg2 Rxf2+ 33. Kh3 Nxe3
34. Rae1 Rfe2 35. a4 f5 36. Rxe2 Rxe2 37. Rb1 Ng4 38. Nf1 Rf2 39. d5 e3 0-1

[Event "IV Festival Capo d'Orso"]
[Site "Portomannu - Palau "]
[Date "2012.06.02"]
[Round "4.2"]
[White "Ori, Marco"]
[Black "Sprotte, Norbert"]
[Result "1/2-1/2"]
[WhiteElo "2127"]
[BlackElo "2180"]
[PlyCount "120"]
[EventDate "2012.06.02"]
[EventCountry "ITA"]
[SourceDate "2005.09.12"]

1. e4 e6 2. d3 d5 3. Nd2 Nf6 4. Ngf3 Nc6 5. g3 dxe4 6. dxe4 Bc5 7. Bg2 e5 8.
O-O O-O 9. c3 a5 10. h3 b6 11. Qa4 Bd7 12. Qc2 Qc8 13. Kh2 Qa6 14. Nb3 Bd6 15.
Bg5 Ne8 16. Rfd1 Be6 17. Nbd2 Bc5 18. Bf1 Qb7 19. Nc4 f6 20. Be3 Be7 21. a4 Nd6
22. Nfd2 Rfd8 23. Nxd6 Rxd6 24. Nc4 Rxd1 25. Rxd1 Rd8 26. Bc1 Rxd1 27. Qxd1 Nd8
28. Qc2 Nf7 29. h4 Nd6 30. Nxd6 Bxd6 31. Be3 Qc8 32. Qd3 Qd7 33. Qb5 Qxb5 34.
Bxb5 Kf8 35. Kg2 Ke7 36. Kf3 c5 37. Ke2 Bc7 38. Kd3 Kd6 39. f4 Bh3 40. f5 Bf1+
41. Kd2 Bg2 42. Bd3 Bf3 43. Ke1 Kc6 44. Kf2 Bd1 45. Bb5+ Kb7 46. Bd2 Bd6 47.
Bc1 Bb3 48. c4 Kc7 49. g4 h6 50. g5 hxg5 51. hxg5 Kd8 52. g6 Ke7 53. Bd2 Kf8
54. Ke3 Be7 55. Kd3 Bd6 56. Be3 Ke7 57. Bc6 Kd8 58. Bf2 Kc7 59. Bb5 Bd1 60. Bh4
Be7 1/2-1/2

[Event "IV Festival Capo d'Orso"]
[Site "Portomannu - Palau "]
[Date "2012.06.02"]
[Round "4.3"]
[White "Gromovs, Sergejs"]
[Black "Danieli, Enrico"]
[Result "1/2-1/2"]
[WhiteElo "2162"]
[BlackElo "2093"]
[PlyCount "116"]
[EventDate "2012.06.02"]
[EventCountry "ITA"]
[SourceDate "2005.09.12"]

1. d4 d5 2. c4 Nc6 3. Nf3 Bg4 4. cxd5 Bxf3 5. gxf3 Qxd5 6. e3 e5 7. Nc3 Bb4 8.
Bd2 Bxc3 9. bxc3 exd4 10. cxd4 Nge7 11. Qb3 Qxf3 12. Rg1 O-O 13. Bg2 Qh5 14.
Rc1 Qxh2 15. Kf1 Qd6 16. Rc5 Rae8 17. Qc2 Ng6 18. Bxc6 bxc6 19. Bb4 Qh2 20.
Rxc6 Qh3+ 21. Ke2 Nf4+ 22. Kd2 Qf3 23. Re1 Qxf2+ 24. Kc1 Qg3 25. Bd2 Nd5 26.
Qb3 Qg2 27. Rc5 Nf6 28. Rc2 Rb8 29. Qa3 Qb7 30. Kd1 Ne4 31. Bc1 c5 32. Rg1 Qd7
33. Qd3 Qd5 34. Rcg2 g6 35. Ke1 c4 36. Qc2 Qa5+ 37. Kf1 Qf5+ 38. Ke1 Qa5+ 39.
Kf1 Qf5+ 40. Ke1 Nd6 41. Qxf5 Nxf5 42. Rc2 Rfe8 43. Kf2 Rec8 44. Ba3 Rb6 45.
Bc5 Ra6 46. Rb1 Nd6 47. Kf3 f5 48. Kf4 Ne4 49. Rb7 c3 50. Bb4 Rb6 51. Rxb6 axb6
52. Ke5 Kf7 53. d5 Ke8 54. Ke6 Ng5+ 55. Kf6 Ne4+ 56. Ke6 Ng5+ 57. Kf6 Ne4+ 58.
Ke6 Ng5+ 1/2-1/2

[Event "IV Festival Capo d'Orso"]
[Site "Portomannu - Palau "]
[Date "2012.06.02"]
[Round "5.2"]
[White "Nepi, Ezio"]
[Black "Messa, Roberto"]
[Result "0-1"]
[WhiteElo "2068"]
[BlackElo "2305"]
[PlyCount "44"]
[EventDate "2012.06.02"]
[EventCountry "ITA"]
[SourceDate "2005.09.12"]

1. d4 d5 2. Nf3 Nf6 3. Bf4 Bf5 4. e3 c6 5. Nbd2 Nbd7 6. Nh4 Be6 7. Bd3 g6 8. h3
Bg7 9. c3 O-O 10. Bh2 Ne8 11. f4 f5 12. O-O Bf7 13. Nhf3 Nd6 14. g4 e6 15. Bg3
Ne4 16. Bxe4 dxe4 17. Ng5 Nb6 18. Qb3 Qd7 19. Nxf7 Rxf7 20. g5 h5 21. h4 Nd5
22. c4 Nxe3 0-1

[Event "IV Festival Capo d'Orso"]
[Site "Portomannu - Palau "]
[Date "2012.06.02"]
[Round "5.3"]
[White "Danieli, Enrico"]
[Black "Esposito, Luca"]
[Result "1/2-1/2"]
[WhiteElo "2093"]
[BlackElo "2263"]
[PlyCount "108"]
[EventDate "2012.06.02"]
[EventCountry "ITA"]
[SourceDate "2005.09.12"]

1. Nf3 c5 2. e3 Nf6 3. d4 g6 4. c3 Qc7 5. Be2 Bg7 6. O-O O-O 7. Nbd2 d6 8. b4
Bf5 9. bxc5 dxc5 10. Ba3 Nbd7 11. Rc1 Ne4 12. Nxe4 Bxe4 13. Ng5 Qa5 14. Nxe4
Qxa3 15. Bb5 Rfd8 16. Bxd7 Rxd7 17. Nxc5 Rc7 18. Qb3 Qxb3 19. axb3 Rac8 20. f4
b6 21. Na4 e6 22. b4 Rc4 23. Rb1 b5 24. Nc5 Rxc3 25. Kf2 Bf8 26. Rfc1 Rxc1 27.
Rxc1 Be7 28. Ra1 Rc7 29. Ra5 Bxc5 30. dxc5 Rb7 31. Ke2 Kf8 32. Kd3 Ke8 33. Kc3
Kd7 34. Kd4 f6 35. Ra6 Rc7 36. e4 Ke7 37. e5 Rd7+ 38. Rd6 f5 39. Kc3 Rd8 40.
Ra6 Rd7 41. c6 Rd1 42. Rxa7+ Kd8 43. Rb7 Rc1+ 44. Kd3 Rb1 45. Rxb5 Kc7 46. Rb7+
Kxc6 47. Rxh7 Rxb4 48. Ke3 Rb3+ 49. Kf2 Kd5 50. Rg7 Ke4 51. Rxg6 Kxf4 52. Rxe6
Rb2+ 53. Kg1 Rb1+ 54. Kf2 Rb2+ 1/2-1/2

[Event "IV Festival Capo d'Orso"]
[Site "Portomannu - Palau "]
[Date "2012.06.02"]
[Round "6.1"]
[White "Messa, Roberto"]
[Black "Seletsky, Grigory"]
[Result "0-1"]
[WhiteElo "2305"]
[BlackElo "2338"]
[PlyCount "88"]
[EventDate "2012.06.02"]
[EventCountry "ITA"]
[SourceDate "2005.09.12"]

1. e4 e6 2. d4 d5 3. Nd2 c5 4. Ngf3 cxd4 5. exd5 Qxd5 6. Bc4 Qd6 7. O-O Nf6 8.
Nb3 Nc6 9. Nbxd4 Nxd4 10. Nxd4 a6 11. Re1 Qc7 12. Qe2 Bd6 13. Nf3 b5 14. Bb3
O-O 15. a4 b4 16. h3 Bb7 17. Bg5 Nd5 18. Rad1 h6 19. Bc1 Bf4 20. Rd4 Bxc1 21.
Rxc1 a5 22. Qe5 Rfc8 23. Qxc7 Rxc7 24. Ne5 g5 25. Bxd5 Bxd5 26. c4 bxc3 27.
bxc3 Rac8 28. Ng4 Kg7 29. Ne3 Bb3 30. c4 Rc5 31. Rd3 Bxa4 32. Ra1 Bc6 33. f3
Rb8 34. Ra2 a4 35. Kf2 f5 36. Rd6 Kf7 37. Rd4 f4 38. Ng4 h5 39. Nh2 Rb4 40. h4
Rbxc4 41. Rxc4 Rxc4 42. hxg5 Bd5 43. Nf1 Kg6 44. Nd2 Rd4 0-1

[Event "IV Festival Capo d'Orso"]
[Site "Portomannu - Palau "]
[Date "2012.06.02"]
[Round "6.2"]
[White "Baldazzi, Stefano"]
[Black "Gromovs, Sergejs"]
[Result "0-1"]
[WhiteElo "2178"]
[BlackElo "2162"]
[PlyCount "90"]
[EventDate "2012.06.02"]
[EventCountry "ITA"]
[SourceDate "2005.09.12"]

1. c4 Nf6 2. g3 c6 3. Nf3 d5 4. b3 Bf5 5. Bb2 e6 6. Bg2 h6 7. O-O Nbd7 8. d3
Be7 9. Nbd2 O-O 10. Rc1 a5 11. a3 Bh7 12. Qc2 Bc5 13. Qc3 Qe7 14. Ra1 e5 15. e3
Bd6 16. d4 e4 17. Ne5 Rfe8 18. Nxd7 Qxd7 19. f3 exf3 20. Bxf3 h5 21. Rae1 h4
22. gxh4 Qh3 23. Re2 Qxh4 24. Rff2 Re6 25. Qc1 Bd3 26. Re1 Rxe3 27. Rxe3 Qg5+
28. Kh1 Qxe3 29. Qg1 Re8 30. Rg2 Qh6 31. cxd5 cxd5 32. Bc1 Bf4 33. b4 a4 34.
Qd1 Qh4 35. Be2 Bxd2 36. Bxd2 Be4 37. Bf3 b5 38. Qf1 Bxf3 39. Qxf3 Qxd4 40. Bc3
Qe4 41. Qxe4 Rxe4 42. Bxf6 Re1+ 43. Rg1 Rxg1+ 44. Kxg1 gxf6 45. Kf2 f5 0-1

[Event "IV Festival Capo d'Orso"]
[Site "Portomannu - Palau "]
[Date "2012.06.02"]
[Round "6.3"]
[White "Galassi, Federico"]
[Black "Glienke, Manfred"]
[Result "1/2-1/2"]
[WhiteElo "2160"]
[BlackElo "2314"]
[PlyCount "82"]
[EventDate "2012.06.02"]
[EventCountry "ITA"]
[SourceDate "2005.09.12"]

1. e4 c5 2. Nf3 Nc6 3. Bb5 g6 4. O-O Bg7 5. Re1 Nf6 6. e5 Nd5 7. Nc3 Nc7 8.
Bxc6 dxc6 9. Ne4 Ne6 10. d3 b6 11. Be3 Nd4 12. Nxd4 cxd4 13. Bf4 h6 14. Qd2 Be6
15. a4 a5 16. h4 c5 17. Re2 Qc7 18. b3 Rd8 19. Rae1 Kf8 20. f3 Qc6 21. Nf2 Qd7
22. Ne4 Kg8 23. g4 Qd5 24. Kg2 Qc6 25. Rf1 Bd5 26. Qe1 Kh7 27. Qg3 Rc8 28. Nd2
Qd7 29. Ne4 Rc6 30. Rfe1 Kg8 31. Rf1 Re6 32. Rfe1 Kf8 33. Nd2 Ke8 34. Ne4 Kd8
35. Nf2 Kc8 36. Bd2 Kb7 37. Nh3 Rc6 38. Nf4 e6 39. Nxd5 Qxd5 40. Qf4 Qd7 41.
Qe4 Ka7 1/2-1/2

[Event "IV Festival Capo d'Orso"]
[Site "Portomannu - Palau "]
[Date "2012.06.02"]
[Round "7.1"]
[White "Gromovs, Sergejs"]
[Black "Seletsky, Grigory"]
[Result "1/2-1/2"]
[WhiteElo "2162"]
[BlackElo "2338"]
[PlyCount "30"]
[EventDate "2012.06.02"]
[EventCountry "ITA"]
[SourceDate "2005.09.12"]

1. e4 e5 2. Nf3 Nc6 3. Bb5 a6 4. Ba4 Nf6 5. O-O Be7 6. Re1 b5 7. Bb3 O-O 8. c3
d6 9. h3 Na5 10. Bc2 c5 11. d4 Qc7 12. d5 Bd7 13. Nbd2 Nb7 14. Nf1 c4 15. Ng3
Nc5 1/2-1/2

[Event "IV Festival Capo d'Orso"]
[Site "Portomannu - Palau "]
[Date "2012.06.02"]
[Round "7.2"]
[White "Vallifuoco, Giovanni"]
[Black "Galassi, Federico"]
[Result "1-0"]
[WhiteElo "2155"]
[BlackElo "2160"]
[PlyCount "85"]
[EventDate "2012.06.02"]
[EventCountry "ITA"]
[SourceDate "2005.09.12"]

1. d4 Nf6 2. Nf3 g6 3. Bg5 Bg7 4. Nbd2 O-O 5. e4 d6 6. c3 c5 7. dxc5 dxc5 8.
Bc4 Nc6 9. O-O Qc7 10. Qe2 Nd7 11. Rad1 a6 12. a4 Nb6 13. Bb3 Na5 14. Bc2 Be6
15. e5 Nac4 16. Nxc4 Nxc4 17. Bb3 b5 18. Bf4 Rad8 19. Ng5 Bd5 20. Bg3 e6 21. f4
Qb7 22. h4 Rd7 23. h5 Rfd8 24. hxg6 hxg6 25. f5 gxf5 26. Qh5 Nxe5 27. Bxd5 Rxd5
28. Bxe5 Bxe5 29. Qh7+ Kf8 30. Nxe6+ fxe6 31. Qxb7 Rxd1 32. Rxd1 Rxd1+ 33. Kf2
Rd2+ 34. Kf3 Rxb2 35. Qxa6 Kf7 36. axb5 Rb3 37. b6 Rxc3+ 38. Ke2 Kf6 39. b7
Rc2+ 40. Kd3 Rxg2 41. Qa8 Bd6 42. Qd8+ Ke5 43. Qxd6+ 1-0

[Event "IV Festival Capo d'Orso"]
[Site "Portomannu - Palau "]
[Date "2012.06.02"]
[Round "7.3"]
[White "Sprotte, Norbert"]
[Black "Ljubisavljevic, Zivojin Z"]
[Result "0-1"]
[WhiteElo "2180"]
[BlackElo "2210"]
[PlyCount "92"]
[EventDate "2012.06.02"]
[EventCountry "ITA"]
[SourceDate "2005.09.12"]

1. d4 Nf6 2. Nf3 e6 3. e3 c5 4. Bd3 b6 5. O-O Bb7 6. b3 Be7 7. Bb2 O-O 8. c4
Nc6 9. Nc3 d5 10. cxd5 exd5 11. Rc1 cxd4 12. exd4 Nb4 13. Bb1 Ne4 14. a3 Na6
15. Qd3 f5 16. Nb5 Nd6 17. Rfe1 Nxb5 18. Qxb5 Nc7 19. Qe2 Bd6 20. Ne5 Qg5 21.
Rc3 Bxe5 22. dxe5 Ne6 23. Rg3 Qe7 24. Qd3 g6 25. b4 Rad8 26. Bc1 Rf7 27. f4 d4
28. Qe2 Bd5 29. Bd3 Rc8 30. Bd2 Qc7 31. Qh5 Rg7 32. Qh4 Qf7 33. Qf6 Bc4 34. Bb1
Rf8 35. Rc1 b5 36. a4 a6 37. axb5 axb5 38. Qh4 Ra8 39. Bd3 Ra2 40. Be1 Qc7 41.
Rf3 Qc6 42. Rf2 Rga7 43. Qf6 Qd5 44. Rf3 Nxf4 45. Rxc4 Rxg2+ 46. Kh1 Rc2 0-1

[Event "IV Festival Capo d'Orso"]
[Site "Portomannu - Palau "]
[Date "2012.06.02"]
[Round "8.1"]
[White "Seletsky, Grigory"]
[Black "Vallifuoco, Giovanni"]
[Result "1/2-1/2"]
[WhiteElo "2338"]
[BlackElo "2155"]
[PlyCount "27"]
[EventDate "2012.06.02"]
[EventCountry "ITA"]
[SourceDate "2005.09.12"]

1. e4 c5 2. Nf3 Nc6 3. Bb5 g6 4. O-O Bg7 5. Bxc6 dxc6 6. d3 Nf6 7. Nc3 Bg4 8.
Be3 Nd7 9. h3 Bxf3 10. Qxf3 O-O 11. Qe2 e5 12. f4 exf4 13. Rxf4 Qe7 14. Qd2
1/2-1/2

[Event "IV Festival Capo d'Orso"]
[Site "Portomannu - Palau "]
[Date "2012.06.02"]
[Round "8.2"]
[White "Ljubisavljevic, Zivojin Z"]
[Black "Gromovs, Sergejs"]
[Result "1/2-1/2"]
[WhiteElo "2210"]
[BlackElo "2162"]
[PlyCount "29"]
[EventDate "2012.06.02"]
[EventCountry "ITA"]
[SourceDate "2005.09.12"]

1. Nf3 Nf6 2. g3 c5 3. c4 b6 4. Bg2 Bb7 5. O-O g6 6. Nc3 Bg7 7. d4 cxd4 8. Nxd4
Bxg2 9. Kxg2 O-O 10. b3 Nc6 11. Nxc6 dxc6 12. Bb2 Ne4 13. Qc2 Bxc3 14. Bxc3
Nxc3 15. Qxc3 1/2-1/2

[Event "IV Festival Capo d'Orso"]
[Site "Portomannu - Palau "]
[Date "2012.06.02"]
[Round "8.3"]
[White "Luciani, Carlo"]
[Black "Danieli, Enrico"]
[Result "0-1"]
[WhiteElo "2222"]
[BlackElo "2093"]
[PlyCount "128"]
[EventDate "2012.06.02"]
[EventCountry "ITA"]
[SourceDate "2005.09.12"]

1. e4 c6 2. Nc3 d5 3. Nf3 dxe4 4. Nxe4 Nf6 5. Nxf6+ exf6 6. Bc4 Be7 7. O-O O-O
8. d4 Bg4 9. c3 Qc7 10. Qd3 Nd7 11. h3 Bh5 12. Nh4 Nb6 13. Bb3 Nd5 14. Nf5 Rfe8
15. Qg3 Qxg3 16. Nxg3 Bg6 17. c4 Nb4 18. Bd2 Nc2 19. Bxc2 Bxc2 20. Rfe1 Bd6 21.
Nf1 Bd3 22. Rac1 Rxe1 23. Bxe1 Re8 24. Ne3 f5 25. c5 Bf4 26. Bd2 Bxe3 27. fxe3
Be4 28. Rc4 Bd5 29. Rb4 Re7 30. Kf2 a6 31. a3 Kf8 32. h4 Ke8 33. Rb6 Kd8 34.
Ba5 Kc8 35. g3 h6 36. Bd2 g5 37. Be1 Re4 38. hxg5 hxg5 39. Ke2 Re6 40. Bf2 f4
41. gxf4 gxf4 42. Kd3 f3 43. b4 f5 44. a4 Rh6 45. e4 fxe4+ 46. Ke3 Rh1 47. b5
a5 48. bxc6 Bxc6 49. Rb2 Ra1 50. Rd2 Ra3+ 51. Kf4 Rd3 52. Ra2 Kd7 53. Be3 Ke6
54. Rb2 Kd5 55. Rc2 Rxd4 56. Bxd4 Kxd4 57. Rd2+ Kxc5 58. Rb2 Kd4 59. Rd2+ Kc3
60. Ke3 Kb3 61. Rd4 Bxa4 62. Rxe4 Bc6 63. Rd4 a4 64. Kd2 a3 0-1